| 000 | 00592nam a22001937a 4500 | ||
|---|---|---|---|
| 999 |
_c10700 _d10700 |
||
| 003 | AR-CdUCM | ||
| 008 | 190401b ||||| |||| 00| 0 spa d | ||
| 040 |
_aMUNICIPALIDAD PROVINCIAL DEL CUSCO _cBIBLIOTECA MUNICIPAL DEL CUSCO |
||
| 082 |
_a848 / _bC96 |
||
| 245 | _aCuentos de Hadas polaco / | ||
| 260 |
_aBarcelona : _bUrgel, _c1960. |
||
| 300 |
_a84 paginas ; _bIlustraciones, _c29 cm. |
||
| 505 | _aContenido : Cuento / | ||
| 650 |
_aLiteratura de educación primaria _927595 |
||
| 650 |
_aCuentos _9217 |
||
| 700 |
_aIrena Szumlakowska _927688 |
||
| 942 |
_2ddc _cLIBROS |
||
| 945 | _arjall | ||